Представление документа в формате RUSMARC

ПолеНазваниеЗначение
  Тип записи a
  Библиографический уровень m
001 Контрольный номер UONB/MAIN/2af159e35f50443d9e01af89d5fa576a
005 Дата корректировки 20260429170527.0
010 Индекс ISBN __
d Цена 20 к.
9 Тираж 600 экз.
100 Данные общей обработки __
a Данные общей обработки 20260429d1964 u y0rusy0189 ca
101 Язык документа 0_
a Язык текста rus
102 Страна публикации __
a Страна публикации RU
105 Кодированные данные (монография) __
a Кодированные данные (монография) c z 000yy
200 Заглавие и сведения об ответственности 1_
a Заглавие Каталог
e Сведения, относящиеся к заглавию 1894-1955
g Последующие сведения об ответственности предисловие С. Разумовской
g Последующие сведения об ответственности Союз художников РСФСР, Московское отделение, Центральный дом работников искусств
203 Вид содержания и тип средства __
a Вид содержания Текст
b Характеристика содержания визуальный
c Тип средства непосредственный
210 Выходные данные 1_
a Место издания Москва
c Издательство б. и.
d Дата издания 1964
215 Физическое описание __
a Объем 14 с.
c Иллюстрации/тип воспроизводства ил., портр., 5 л. ил.
d Формат 17х20 см
606 Тематические рубрики 0_
a Основная рубрика Русская советская графика
y Географическая подрубрика Москва
z Хронологическая подрубрика 1964
j Формальный подзаголовок Выставки
606 Тематические рубрики 0_
a Основная рубрика Русская советская живопись
y Географическая подрубрика Москва
z Хронологическая подрубрика 1964
j Формальный подзаголовок Выставки
610 Ключевые слова 0_
a Ключевые слова русская советская графика; русская советская живопись; каталоги; выставки; Москва
675 Индекс УДК __
a Индекс УДК 76
686 Индексы других классификаций __
a Классификационный индекс 85.143(2Р=Рус)7-8
2 Код системы rubbk
702 Вторичная интеллектуальная ответственность _1
a Фамилия Разумовская
b Имя (инициалы) С.
4 Код отношения 080
710 Наименование организации. (Первичная ответственность) 02
a Организация/ юрисдикция Шухмин Петр Митрофанович
h Часть наименования Выставка работ
e Место проведения Москва
f Дата проведения 1964
4 Код отношения 570
712 Наименование организации (Вторичная ответственность) 02
a Организация/ юрисдикция Союз художников РСФСР
b Другие уровни Московское отделение
4 Код отношения 570
801 Источник записи _0
a Страна RU
b Организация Ульяновская ОНБ
c Дата составления 20260429
g Правила каталогизации RCR
801 Источник записи _1
a Страна RU
b Организация Ульяновская ОНБ
c Дата составления 20260429
g Правила каталогизации RCR
901 Тип документа __
t Тип документа m
909 Создатель записи __
a Создатель записи Королева
b Дата создания записи 20260429